[Event "Match"]
[Site "www.echecsemail.com"]
[Date "2016.03.03"]
[Round "1"]
[White "Tomcapp"]
[Black "Coraza"]
[WhiteElo "1580"]
[BlackElo "1680"]
[Result "0-1"]
[Round "1"]
1.e4 e5
2.Ng1f3 Nb8c6
3.Bf1b5 Nc6d4
4.Nf3xd4 exd4
5.d3 c6
6.Bb5a4 Ng8f6
7.Bc1g5 Bf8b4
8.c3 dxc3
9.b3 c2
10.Qd1d2 Bb4xd2
11.Bg5xd2 cxb1Q
12.Ra1xb1 Qd8b6
13.Bd2e3 Qb6a5
14.Be3d2 Qa5c5
15.b4 Qc5d4
16.b5 Nf6g4
17.Bd2e3 Ng4xe3
18.fxe3 Qd4xa4
19.bxc6 bxc6
20.d4 Qa4xa2
21.Rb1d1 Qa2xg2
22.Rh1f1 O-O
23.Rd1d2 Qg2h3
24.e5 Qh3xe3
25.Rd2e2 Qe3xd4
26.e6 dxe6
27.Re2d2 Qd4c3
28.Kd1 Bc8a6
29.Rf1e1 Ra8b8
{ resign }
0-1

[Event "Match"]
[Site "www.echecsemail.com"]
[Date "2016.03.03"]
[Round "1"]
[White "Fabos12"]
[Black "Sorren"]
[WhiteElo "1750"]
[BlackElo "1790"]
[Result "1-0"]
[Round "1"]
1.Ng1f3 d5
2.d4 Ng8f6
3.c4 e6
4.c5 Nb8c6
5.Bc1g5 Bf8e7
6.e3 O-O
7.Nb1c3 h6
8.Bg5h4 Rf8e8
9.Bf1b5 Bc8d7
10.Bb5xc6 bxc6
11.Nf3e5 Ra8b8
12.Ra1b1 a5
13.Qd1a4 Rb8a8
14.a3 Ra8a6
15.b4 g5
16.Bh4g3 Qd8a8
17.Qa4c2 Re8b8
18.Ne5xd7 Nf6xd7
19.Bg3xc7 Rb8b7
20.Bc7xa5 Qa8b8
21.O-O Be7f6
22.f4 { resign }
1-0

[Event "Match"]
[Site "www.echecsemail.com"]
[Date "2016.03.03"]
[Round "1"]
[White "Elogic"]
[Black "Guidom"]
[WhiteElo "1850"]
[BlackElo "2110"]
[Result "0-1"]
[Round "1"]
1.d4 d5
2.c4 Ng8f6
3.Bc1g5 e6
4.Bg5xf6 Qd8xf6
5.e3 c6
6.Nb1c3 Bf8b4
7.a3 Bb4a5
8.b4 Ba5c7
9.Bf1e2 dxc4
10.Be2xc4 Nb8d7
11.Ng1e2 O-O
12.O-O Nd7b6
13.Bc4d3 Nb6d5
14.Nc3xd5 exd5
15.Qd1c2 h6
16.g3 Bc8h3
17.Rf1e1 Qf6f3
18.Ne2f4 Bc7xf4
19.Bd3f1 Bh3xf1
20.Kxf1 Bf4d6
21.Kg1 a6
22.e4 dxe4
23.Re1xe4 Ra8e8
24.Re4xe8 Rf8xe8
25.Qc2c4 Re8e2
26.Ra1f1 Qf3d5
27.Qc4xe2 Qd5b5
28.Qe2e8 Bd6f8
29.Rf1a1 g6
30.Ra1e1 Kg7
31.Qe8e5 Qb5xe5
32.Re1xe5 Bf8d6
33.Re5e8 Kf6
34.h4 h5
35.Re8d8 Ke7
36.Rd8g8 Kd7
37.Rg8g7 Ke8
38.f4 Kf8
39.Rg7h7 Kg8
40.Rh7h6 Bd6f8
41.Rh6xh5 gxh5
42.f5 Bf8d6
43.Kh2 Kg7
44.Kh3 Kf6
45.g4 hxg4
46.Kxg4 Bd6f8
47.h5 Bf8h6
48.a4 Bh6d2
49.a5 Bd2xb4
50.h6 Bb4xa5
51.Kh5 Ba5d2
{ resign }
0-1

[Event "1/128 Finale"]
[Site "www.chess-mail.com"]
[Date "2016.03.03"]
[Round "1"]
[White "Norlavuaram"]
[Black "Snoopy"]
[WhiteElo "2180"]
[BlackElo "1699"]
[Result "0-1"]
[Round "1"]
1.e4 b6
2.d4 Bc8b7
3.f3 e6
4.Bc1e3 Ng8f6
5.Bf1d3 c5
6.Ng1e2 d5
7.c3 dxe4
8.fxe4 Bb7xe4
9.Bd3xe4 Nf6xe4
10.O-O cxd4
11.Ne2xd4 Bf8c5
12.Nb1d2 Ne4xd2
13.Qd1xd2 e5
14.Qd2f2 O-O
15.Nd4b3 Bc5xe3
16.Qf2xe3 Nb8c6
17.Ra1d1 Qd8c7
18.Kh1 Ra8d8
19.Qe3g3 Rd8xd1
20.Rf1xd1 Rf8d8
21.Rd1e1 Nc6e7
22.h3 Ne7g6
23.Nb3d4 Qc7c4
24.Nd4b3 Qc4a4
25.Qg3g5 Rd8e8
26.Re1a1 Qa4f4
27.Qg5h5 Qf4f2
28.Ra1b1 Qf2xg2
29.Kxg2 Ng6f4
30.Kf3 Nf4xh5
31.Nb3d2 Nh5f4
32.h4 h5
33.Nd2e4 Nf4g6
34.Kg3 f5
35.Ne4d6 f4
36.Kf3 Re8d8
37.Nd6f5 Kf7
38.Rb1g1 Kf6
39.Rg1g5 Ng6xh4
{ resign }
0-1

[Event "Fast Game"]
[Site "www.echecsemail.com"]
[Date "2016.03.03"]
[Round "1"]
[White "Ejner"]
[Black "Boki84"]
[WhiteElo "1599"]
[BlackElo "1599"]
[Result "1-0"]
[Round "1"]
1.Ng1f3 d5
2.c4 d4
3.g3 Nb8c6
4.Bf1g2 e5
5.O-O Ng8f6
6.d3 Bf8d6
7.e3 O-O
8.exd4 Nc6xd4
9.Nf3xd4 exd4
10.Nb1d2 Ra8b8
11.Nd2e4 Nf6xe4
12.Bg2xe4 Bc8e6
13.Rf1e1 Qd8d7
14.Bc1d2 f5
15.Be4g2 c6
16.f4 Rf8e8
17.Ra1c1 Be6f7
18.Qd1f3 h5
19.h4 c5
20.b3 Re8c8
21.Qf3e2 g6
22.Bg2f3 b5
23.Bf3d5 Bf7xd5
24.cxd5 Rc8e8
25.Qe2f3 b4
26.Re1xe8 Rb8xe8
27.Rc1e1 Re8xe1
28.Bd2xe1  { time }
1-0

[Event "Tourn. n8595"]
[Site "www.chess-mail.com"]
[Date "2016.03.04"]
[Round "1"]
[White "Subh"]
[Black "Biggles"]
[WhiteElo "1170"]
[BlackElo "1499"]
[Result "0-1"]
[Round "1"]
1.e3 e5
2.g3 d5
3.Ng1e2 Nb8c6
4.d3 Ng8f6
5.Nb1d2 Bf8b4
6.b3 Bc8g4
7.Bf1g2 e4
8.O-O Qd8d7
9.Rf1e1 Bg4f3
10.Bg2xf3 exf3
11.Ne2d4 O-O-O
12.a3 Bb4c3
13.Ra1b1 Bc3xd2
14.Bc1xd2 Nc6xd4
15.exd4 Qd7g4
16.Bd2f4 Nf6h5
17.Bf4e3 Nh5f6
 { time }
0-1

[Event "Tourn. n8586"]
[Site "www.chess-mail.com"]
[Date "2016.03.04"]
[Round "1"]
[White "Seger"]
[Black "Cathar"]
[WhiteElo "2790"]
[BlackElo "2280"]
[Result "1-0"]
[Round "1"]
1.e4 e5
2.Ng1f3 Nb8c6
3.Bf1c4 Ng8f6
4.d3 Bf8c5
5.c3 a6
6.O-O Bc5a7
7.a4 O-O
8.Bc1g5 h6
9.Bg5h4 g5
10.Bh4g3 d6
11.b4 Bc8g4
12.h3 Bg4h5
13.Nb1d2 Kg7
14.Rf1e1 Rf8e8
15.a5 Bh5g6
16.b5 Nc6b8
17.Qd1b1 Nb8d7
18.d4 axb5
19.Bc4xb5 c6
20.Bb5d3 Ra8b8
21.Nd2c4 Qd8c7
22.Bd3c2 Nf6h5
23.Bg3h2 Kh7
24.Qb1d1 f6
25.a6 b5
26.Nc4e3 Nh5f4
27.h4 b4
28.cxb4 Rb8xb4
29.Ne3f5 Bg6xf5
30.exf5 Ba7xd4
31.Nf3xd4 Rb4xd4
32.Qd1xd4 { resign }
1-0

[Event "Tourn. n8674"]
[Site "www.chess-mail.com"]
[Date "2016.03.04"]
[Round "1"]
[White "Piekki"]
[Black "Terrible"]
[WhiteElo "2020"]
[BlackElo "2290"]
[Result "0-1"]
[Round "1"]
1.e4 e5
2.Ng1f3 Nb8c6
3.Bf1b5 a6
4.Bb5a4 Ng8f6
5.O-O Bf8e7
6.Rf1e1 b5
7.Ba4b3 d6
8.h3 Nc6a5
9.d4 exd4
10.Nf3xd4 c5
{ resign }
0-1

[Event "Tourn. n8630"]
[Site "www.chess-mail.com"]
[Date "2016.03.04"]
[Round "1"]
[White "Guidom"]
[Black "Louis"]
[WhiteElo "2090"]
[BlackElo "1870"]
[Result "0-1"]
[Round "1"]
1.e4 e5
2.Ng1f3 Nb8c6
3.Bf1b5 Ng8f6
4.O-O Nf6xe4
5.Rf1e1 Ne4d6
6.Nf3xe5 Bf8e7
7.Bb5xc6 dxc6
8.Qd1h5 O-O
9.d4 Bc8f5
10.c3 f6
11.Ne5f3 Qd8d7
12.Bc1f4 g6
13.Qh5h6 Nd6f7
14.Qh6h4 g5
15.Qh4g3 Kh8
16.Bf4xc7 Ra8c8
17.Bc7e5 fxe5
18.Nf3xe5 Nf7xe5
19.Qg3xe5 Be7f6
20.Qe5g3 Rc8e8
21.Nb1d2 c5
22.Nd2b3 cxd4
23.cxd4 a5
24.Re1d1 b6
25.Ra1c1 g4
26.Rc1c7 Qd7e6
27.h4 gxh3
28.d5 Qe6e2
29.Rc7c1 Rf8g8
30.Qg3f4 Rg8xg2
{ resign }
0-1

[Event "Tourn. n8596"]
[Site "www.chess-mail.com"]
[Date "2016.03.04"]
[Round "1"]
[White "Pimax"]
[Black "Tartan"]
[WhiteElo "2270"]
[BlackElo "2380"]
[Result "0-1"]
[Round "1"]
1.d4 Ng8f6
2.c4 e6
3.Nb1c3 Bf8b4
4.a3 Bb4xc3
5.bxc3 b6
6.f3 Bc8a6
7.e4 Nb8c6
8.Bc1e3 O-O
9.Qd1a4 Nc6a5
10.e5 Nf6e8
11.O-O-O d5
12.cxd5 Ba6xf1
13.Rd1xf1 Qd8xd5
14.Ng1e2 f6
15.exf6 Ne8xf6
16.Kb1 Na5c4
17.Be3c1 b5
18.Qa4c2 Ra8e8
19.a4 bxa4
20.Qc2xa4 Re8b8
21.Kc2 Qd5f5
22.Kd1 Nc4b2
23.Bc1xb2 Rb8xb2
24.Ke1 Qf5d3
{ resign }
0-1

[Event "Tourn. n8665"]
[Site "www.chess-mail.com"]
[Date "2016.03.04"]
[Round "1"]
[White "Piekki"]
[Black "Fred"]
[WhiteElo "2020"]
[BlackElo "2040"]
[Result "1-0"]
[Round "1"]
1.e4 e5
2.Ng1f3 Nb8c6
3.Bf1b5 d6
4.d4 a6
5.Bb5xc6 bxc6
6.dxe5 Bc8g4
7.O-O dxe5
8.Qd1xd8 Ra8xd8
9.Nf3xe5 Ng8f6
10.Bc1g5 Bg4d7
11.Rf1d1 Bf8e7
12.Nb1c3 O-O
13.Bg5xf6 Be7xf6
14.Ne5xd7 Rf8e8
15.Nd7xf6 gxf6
16.Rd1xd8 Re8xd8
17.Ra1d1 Rd8d6
18.Rd1xd6 cxd6
19.f3 Kg7
20.Kf2 Kg6
21.Ke3 f5
22.Kf4 fxe4
23.Nc3xe4 d5
24.Ne4c5 a5
25.Nc5b7 { resign }
1-0

[Event "Tourn. n8579"]
[Site "www.chess-mail.com"]
[Date "2016.03.04"]
[Round "1"]
[White "Andychesston"]
[Black "Ochoreales"]
[WhiteElo "1930"]
[BlackElo "1960"]
[Result "1-0"]
[Round "1"]
1.e4 c5
2.Ng1f3 d6
3.d4 cxd4
4.Nf3xd4 Ng8f6
5.Nb1c3 a6
6.Bf1c4 e6
7.Bc1g5 Bf8e7
8.Nd4f3 b5
9.Bc4b3 b4
10.e5 bxc3
11.exf6 Be7xf6
12.Bb3a4 Bc8d7
13.Ba4xd7 Nb8xd7
14.Bg5xf6 Nd7xf6
15.b3 O-O
16.O-O a5
17.Qd1d3 Ra8c8
18.Ra1d1 d5
19.Nf3e5 Nf6e4
20.f3 Ne4c5
21.Qd3xc3  { time }
1-0

[Event "Tourn. n8613"]
[Site "www.chess-mail.com"]
[Date "2016.03.04"]
[Round "1"]
[White "Bojan"]
[Black "Cardiff"]
[WhiteElo "2060"]
[BlackElo "2030"]
[Result "0-1"]
[Round "1"]
1.d4 Ng8f6
2.c4 e6
3.Nb1c3 d5
4.Ng1f3 c6
5.e3 Bf8b4
6.Bc1d2 O-O
7.c5 Bb4xc3
8.bxc3 b6
9.cxb6 axb6
10.Bf1d3 c5
11.Nf3e5 Bc8b7
12.Ne5g4 Nb8d7
13.Bd3b5 Bb7a6
14.Qd1e2 Ba6xb5
15.Qe2xb5 Nf6xg4
16.h3 Ng4f6
17.O-O Qd8c7
18.Rf1c1 Ra8a5
19.Qb5e2 Rf8a8
20.Bd2e1 Nf6e4
21.f3 Ne4f6
22.c4 Ra5a3
23.cxd5 exd5
24.dxc5 bxc5
25.g4 h6
26.Kg2 Ra8e8
27.Be1f2 c4
28.Qe2b2 Qc7a5
29.Rc1c3 Qa5xc3
{ resign }
0-1

[Event "Tourn. n8650"]
[Site "www.chess-mail.com"]
[Date "2016.03.04"]
[Round "1"]
[White "Elogic"]
[Black "Louis"]
[WhiteElo "1900"]
[BlackElo "1900"]
[Result "1-0"]
[Round "1"]
1.f4 d5
2.d3 Nb8c6
3.e3 e5
4.Bc1d2 exf4
5.exf4 Bf8c5
6.Ng1f3 Ng8f6
7.Nb1c3 O-O
8.Bf1e2 Nf6g4
9.a3 Ng4f2
10.Qd1c1 Nf2xh1
11.Bd2e3 Bc5xe3
12.Qc1xe3 d4
13.Nf3xd4 Nc6xd4
14.O-O-O Rf8e8
15.Qe3d2 Nd4xe2
16.Nc3xe2 Nh1f2
17.Rd1f1 Nf2g4
18.h3 Ng4e3
19.Rf1f2 Qd8h4
20.Rf2f3 Ne3xg2
21.Ne2d4 Re8e1
22.Qd2xe1 { resign }
1-0

[Event "Tourn. n8542"]
[Site "www.chess-mail.com"]
[Date "2016.03.04"]
[Round "1"]
[White "Numanoid"]
[Black "Obisporey"]
[WhiteElo "2480"]
[BlackElo "2600"]
[Result "0-1"]
[Round "1"]
1.e4 c6
2.d4 d5
3.e5 Bc8f5
4.Ng1f3 e6
5.Bf1e2 Nb8d7
6.O-O h6
7.Nb1d2 Ng8e7
8.c3 Qd8c7
9.a4 g5
10.a5 Bf8g7
11.Nf3e1 c5
12.f4 f6
13.Be2h5 Kd8
14.fxg5 hxg5
15.c4 cxd4
16.g4 Rh8xh5
17.gxh5 Nd7xe5
18.Nd2f3 Ne5g4
19.cxd5 Ne7xd5
20.Qd1xd4 Bg7f8
21.Ne1d3 Ng4xh2
22.Nf3xh2 Qc7g3
23.Kh1 Qg3xd3
{ resign }
0-1

[Event "Tourn. n8653"]
[Site "www.chess-mail.com"]
[Date "2016.03.04"]
[Round "1"]
[White "Yangqi"]
[Black "Cathar"]
[WhiteElo "2650"]
[BlackElo "2240"]
[Result "1-0"]
[Round "1"]
1.e4 c5
2.Ng1f3 d6
3.d4 cxd4
4.Nf3xd4 Ng8f6
5.f3 e5
6.Nd4b3 Bc8e6
7.c4 a5
8.Bc1e3 Bf8e7
9.Nb1c3 O-O
10.Bf1e2 a4
11.Nb3d2 Nf6h5
12.g3 Be7g5
13.Be3f2 g6
14.O-O Nb8c6
15.Nc3d5 Be6h3
16.Rf1e1 f5
17.exf5 { resign }
1-0

[Event "Tourn. n8636"]
[Site "www.chess-mail.com"]
[Date "2016.03.04"]
[Round "1"]
[White "Jackbauer"]
[Black "Francesco"]
[WhiteElo "1900"]
[BlackElo "2020"]
[Result "1-0"]
[Round "1"]
1.e4 e5
2.f4 exf4
3.Ng1f3 g5
4.h3 Nb8c6
5.a3 Bf8c5
6.d4 Bc5b6
7.Bf1b5 a6
8.Bb5xc6 dxc6
9.e5 Bc8f5
10.c3 Qd8d5
11.O-O O-O-O
12.Kh1 h6
13.Nb1d2 f6
14.Rf1e1 h5
15.Qd1e2 g4
16.c4 gxf3
17.Nd2xf3 Bb6xd4
18.cxd5 { resign }
1-0

[Event "Match"]
[Site "www.echecsemail.com"]
[Date "2016.03.04"]
[Round "1"]
[White "Fkarpov"]
[Black "Osvalazo"]
[WhiteElo "2100"]
[BlackElo "1349"]
[Result "1-0"]
[Round "1"]
1.e4 e5
2.Ng1f3 Nb8c6
3.Bf1b5 Nc6d4
4.Nf3xd4 exd4
5.Qd1h5 c6
6.Bb5c4 g6
7.Qh5e5 Qd8e7
8.Qe5xd4 f6
9.O-O c5
10.Qd4d5 Qe7e5
11.Qd5f7 Kd8
12.Qf7xf8 Qe5e8
13.Qf8xe8 Kxe8
14.Bc4xg8 Rh8xg8
15.Rf1e1 d6
16.Nb1c3 Bc8e6
17.Nc3b5 Kd7
18.d4 a6
19.Nb5c3 cxd4
20.Nc3a4 Kc7
21.b3 b5
22.Na4b2 g5
23.Nb2d3 h5
24.Bc1b2 Kd7
25.Bb2xd4 Ra8f8
26.Ra1d1 Be6g4
27.f3 Bg4e6
28.c4 bxc4
29.bxc4  { time }
1-0

[Event "Match"]
[Site "www.echecsemail.com"]
[Date "2016.03.04"]
[Round "1"]
[White "Chtoubidou"]
[Black "Osvalazo"]
[WhiteElo "1880"]
[BlackElo "1349"]
[Result "1-0"]
[Round "1"]
1.e4 e5
2.Bf1c4 Ng8f6
3.d3 g6
4.Nb1c3 Bf8c5
5.Ng1e2 Bc5xf2
6.Kxf2 Nf6g4
7.Kg1 Qd8f6
8.Qd1f1 Qf6xf1
9.Kxf1 O-O
10.h3 Ng4f6
11.Bc1g5 Nf6e8
12.Ke1 Kg7
13.g4 Nb8c6
14.O-O Nc6b4
15.Bc4b3 h6
16.Bg5h4 g5
17.Bh4g3 Ne8f6
18.a3 Nb4c6
19.Rf1f2 d5
20.Ra1f1 Nf6e8
21.exd5 Nc6e7
22.Bg3xe5 f6
23.Be5h2 b6
24.Nc3e4 Bc8b7
25.Ne2d4 Bb7c8
26.Nd4e6 Bc8xe6
27.dxe6 c5
28.Bh2d6 Ne8xd6
29.Ne4xd6 Ra8d8
30.Nd6f7  { time }
1-0

[Event "Match"]
[Site "www.echecsemail.com"]
[Date "2016.03.04"]
[Round "1"]
[White "Delacey"]
[Black "Genius2"]
[WhiteElo "1960"]
[BlackElo "1740"]
[Result "1-0"]
[Round "1"]
1.e4 c5
2.Ng1f3 Nb8c6
3.d4 cxd4
4.Nf3xd4 Ng8f6
5.Nb1c3 e5
6.Nd4b3 Bf8b4
7.Bc1g5 Bb4xc3
8.bxc3 Nc6e7
9.Bg5xf6 gxf6
10.Bf1c4 f5
11.Qd1h5 d5
12.exd5 Ne7xd5
13.O-O-O Bc8e6
14.Nb3c5 { resign }
1-0

[Event "Match"]
[Site "www.echecsemail.com"]
[Date "2016.03.04"]
[Round "1"]
[White "Billyg"]
[Black "Gilliere"]
[WhiteElo "1670"]
[BlackElo "1880"]
[Result "0-1"]
[Round "1"]
1.e4 e5
2.Ng1f3 d6
3.d4 exd4
4.Nf3xd4 Ng8f6
5.Bc1g5 Bf8e7
6.Bf1b5 Bc8d7
7.Bb5xd7 Nb8xd7
8.O-O O-O
9.Rf1e1 Rf8e8
10.Nb1c3 h6
11.Bg5f4 Be7f8
12.Nd4f5 Nd7c5
13.Qd1f3 a6
14.e5 dxe5
15.Ra1d1 Qd8c8
16.Bf4xe5 Nc5d7
17.Qf3g3 Nd7xe5
18.Re1xe5 Re8xe5
19.Qg3xe5 Nf6g4
20.Nf5e7 Bf8xe7
21.Qe5g3 Be7d6
22.Qg3d3 Bd6xh2
23.Kf1 Ng4f6
24.Nc3d5 Nf6xd5
25.Qd3xd5 Bh2d6
26.Kg1 b5
27.Rd1e1 Qc8f8
28.c4 bxc4
29.Qd5xc4 a5
30.a4 Bd6b4
31.Re1e2 c5
32.Re2e3 Ra8e8
33.Qc4c1 Re8xe3
34.fxe3 Qf8d6
35.b3 Qd6d2
36.Qc1xd2 Bb4xd2
37.e4 Bd2e3
38.Kh1 g5
39.g4 Kg7
40.Kg2 Kf6
41.Kf3 Be3f4
42.Ke2 Ke5
43.Kd3 f6
44.Kc4 Bf4e3
45.b4 cxb4
46.Kb3 Kxe4
47.Kc4 Be3b6
48.Kb5 Bb6d8
{ resign }
0-1

[Event "Match"]
[Site "www.echecsemail.com"]
[Date "2016.03.04"]
[Round "1"]
[White "Ranjachess"]
[Black "Genius2"]
[WhiteElo "1720"]
[BlackElo "1740"]
[Result "1-0"]
[Round "1"]
1.d4 d5
2.Nb1c3 e6
3.Bc1f4 Bf8b4
4.Qd1d2 Ng8f6
5.f3 c6
6.a3 Qd8a5
7.e3 Bb4xc3
8.bxc3 b6
9.Bf4e5 Nb8d7
10.Be5d6 Bc8a6
11.Bf1d3 Ba6xd3
12.cxd3 c5
13.Ng1e2 Qa5b5
14.e4 dxe4
15.dxe4 Ra8c8
16.e5 Nf6d5
17.O-O Qb5c6
18.c4 Nd5c7
19.Qd2g5 Rh8g8
20.Qg5e7 
1-0

[Event "Eq:Los Tercios-Slap Shot Mates : "]
[Site "www.chess-mail.com"]
[Date "2016.03.04"]
[Round "1"]
[White "Ericleo1980"]
[Black "Jpmartinez"]
[WhiteElo "2280"]
[BlackElo "2460"]
[Result "0-1"]
[Round "1"]
1.e4 c5
2.Ng1f3 Nb8c6
3.d4 cxd4
4.Nf3xd4 g6
5.Nb1c3 Bf8g7
6.Bc1e3 Ng8f6
7.Bf1c4 O-O
8.Bc4b3 d6
9.f3 Bc8d7
10.Qd1d2 Ra8c8
11.O-O-O Nc6e5
12.Kb1 Ne5c4
13.Bb3xc4 Rc8xc4
14.g4 b5
15.h4 h5
16.g5 Nf6e8
17.Nd4e2 Ne8c7
18.Be3d4 Bg7xd4
19.Ne2xd4 b4
20.Nc3e2 Qd8c8
21.f4 Bd7g4
22.Rh1f1 e5
23.fxe5 dxe5
24.Nd4f3 Rc4xe4
25.Ne2g3 Bg4xf3
26.Ng3xe4 Bf3xe4
27.Rf1e1 Qc8g4
28.Qd2d7 Nc7e6
29.Qd7xa7 Ne6d4
30.Rd1c1 Qg4f5
31.Re1f1 Be4xc2
32.Ka1 Qf5e4
33.Rf1e1 Qe4d5
34.b3 Rf8a8
35.Re1xe5 Nd4xb3
{ resign }
0-1

[Event "Tourn. n8607"]
[Site "www.chess-mail.com"]
[Date "2016.03.05"]
[Round "1"]
[White "Gatrooper"]
[Black "Falcoale"]
[WhiteElo "1620"]
[BlackElo "1750"]
[Result "0-1"]
[Round "1"]
1.e4 c5
2.c4 Nb8c6
3.Ng1f3 e6
4.e5 b6
5.Nb1c3 a6
6.d3 Bc8b7
7.Bc1g5 Bf8e7
8.Bg5xe7 Ng8xe7
9.Nf3g5 Nc6xe5
10.f4 Ne5g6
11.h3 Ne7f5
12.Bf1e2 Ng6xf4
13.Rh1f1 Nf5e3
14.Qd1d2 Ne3xg2
15.Kd1 Qd8xg5
16.Rf1g1 Qg5g3
17.Nc3e4 Qg3xh3
18.Kc1 O-O
19.Ne4f2 Qh3f5
20.Be2f3 Bb7xf3
21.b3 e5
22.Nf2e4 Nf4e2
23.Kc2 Ne2xg1
24.Ra1xg1 Bf3xe4
25.Kb2 Be4b7
26.a4 Qf5f4
27.Qd2c1 Qf4f2
28.Ka1 Qf2d4
29.Ka2 Rf8c8
30.Rg1f1 b5
31.cxb5 axb5
32.Qc1d1 Ng2e3
33.Qd1a1 Qd4xa1
34.Rf1xa1 bxa4
35.b4 Ne3c2
36.Ra1c1 Nc2xb4
37.Kb2 Nb4xd3
{ resign }
0-1

[Event "Tourn. n8612"]
[Site "www.chess-mail.com"]
[Date "2016.03.05"]
[Round "1"]
[White "Gatrooper"]
[Black "0o0o0"]
[WhiteElo "1600"]
[BlackElo "1880"]
[Result "0-1"]
[Round "1"]
1.e4 c5
2.c4 Nb8c6
3.Ng1f3 d6
4.h3 Ng8f6
5.Nb1c3 g6
6.a3 Bf8g7
7.d3 O-O
8.Nc3d5 e6
9.Nd5xf6 Qd8xf6
10.Bc1g5 Qf6xb2
11.Bf1e2 Qb2xa1
12.Qd1xa1 Bg7xa1
13.Bg5h6 Ba1g7
14.Bh6f4 e5
15.Bf4h2 f5
16.exf5 Bc8xf5
17.Nf3h4 Nc6d4
18.Nh4xf5 Rf8xf5
19.Be2g4 Rf5f6
20.f3 h5
21.Bg4d7 Nd4c2
22.Kd2 Nc2d4
23.Kc1 b5
24.cxb5 Ra8b8
25.a4 Rf6f7
26.Bh2g1 Rf7xd7
27.Bg1xd4 cxd4
28.g4 a6
29.gxh5 axb5
30.a5 Rd7a7
31.hxg6 Ra7xa5
32.Kd2 Ra5a2
{ resign }
0-1

[Event "Tourn. n8649"]
[Site "www.chess-mail.com"]
[Date "2016.03.05"]
[Round "1"]
[White "Faerieking"]
[Black "Bojan"]
[WhiteElo "2140"]
[BlackElo "2020"]
[Result "1-0"]
[Round "1"]
1.d4 g6
2.c4 Bf8g7
3.Ng1f3 d5
4.g3 dxc4
5.Nb1c3 Bc8g4
6.Bf1g2 c6
7.O-O Nb8d7
8.Bc1f4 Ng8f6
9.Qd1c2 Nf6d5
10.Nc3xd5 cxd5
11.e4 dxe4
12.Qc2xe4 b6
13.Nf3e5 Ra8c8
14.Ne5xg4 h5
15.Ng4e5 Nd7f6
16.Qe4e3 Nf6d5
17.Qe3d2 a5
18.h4 b5
19.a3 O-O
20.Ra1c1 f6
21.Ne5xg6 Rf8f7
22.Qd2e2 Nd5xf4
23.Ng6xf4 Bg7h6
24.Bg2d5 Bh6xf4
25.Bd5xf7 Kxf7
26.Qe2xh5 Kf8
27.Qh5h8 Kf7
28.Qh8h7 Kf8
29.gxf4 Qd8c7
30.Rc1c3 Ke8
31.Rf1e1 Qc7d6
32.Rc3e3 Rc8c7
33.Re3e6 { resign }
1-0

[Event "Tourn. n8614"]
[Site "www.chess-mail.com"]
[Date "2016.03.05"]
[Round "1"]
[White "Roque1"]
[Black "Estonia"]
[WhiteElo "1910"]
[BlackElo "1970"]
[Result "1-0"]
[Round "1"]
1.e4 c5
2.Ng1f3 e6
3.Bf1b5 a6
4.Bb5a4 b5
5.Ba4b3 Bc8b7
6.c4 Bb7xe4
7.Nb1c3 Ng8f6
8.Nc3xe4 Nf6xe4
9.O-O Bf8e7
10.d4 Nb8c6
11.d5 exd5
12.cxd5 Nc6a5
13.Rf1e1 c4
14.Re1xe4 O-O
15.Bb3c2 d6
16.b3 Ra8c8
17.b4 Na5b7
18.a4 Be7f6
19.Nf3d4 Qd8d7
20.Ra1a3 Bf6xd4
21.Qd1xd4 Rc8a8
22.Ra3g3 f5
23.Bc1h6 g6
24.Re4e6 Rf8f7
25.Re6xg6 hxg6
26.Rg3xg6 Kh7
27.Bc2xf5 Ra8e8
28.Rg6g7 Kxh6
29.Rg7g6 Kh5
30.Qd4g4 
1-0

[Event "Tourn. n8632"]
[Site "www.chess-mail.com"]
[Date "2016.03.05"]
[Round "1"]
[White "Biggles"]
[Black "Genius9"]
[WhiteElo "1809"]
[BlackElo "1790"]
[Result "1-0"]
[Round "1"]
1.e4 e6
2.d4 d5
3.Nb1c3 Ng8f6
4.Bc1g5 dxe4
5.Nc3xe4 Bf8e7
6.Bg5xf6 Be7xf6
7.Ng1f3 Bc8d7
8.Bf1c4 Bd7c6
9.Qd1d3 Nb8d7
10.O-O Nd7b6
11.Bc4b3 a5
12.a3 O-O
13.c3 a4
14.Bb3a2 Bc6xe4
15.Qd3xe4 c6
16.Ra1d1 Nb6d5
17.Nf3e5 Bf6xe5
18.dxe5 Qd8c7
19.Ba2b1 b5
20.Qe4xh7 
1-0

[Event "Tourn. n8586"]
[Site "www.chess-mail.com"]
[Date "2016.03.05"]
[Round "1"]
[White "Starwind"]
[Black "Seger"]
[WhiteElo "2249"]
[BlackElo "2790"]
[Result "1-0"]
[Round "1"]
1.d4 d5
2.c4 e6
3.Nb1c3 Bf8e7
4.Ng1f3 Ng8f6
5.Bc1g5 Nf6e4
6.Bg5xe7 Qd8xe7
7.Qd1c2 O-O
8.e3 Ne4xc3
9.Qc2xc3 dxc4
10.Bf1xc4 b6
11.O-O Bc8b7
12.Nf3e5 Nb8d7
13.Ne5xd7 Qe7xd7
14.f3 Rf8c8
15.Rf1d1 Qd7e7
16.e4 c5
17.d5 exd5
18.exd5 Qe7d6
19.Rd1e1 Rc8e8
20.a4 Ra8d8
21.Re1e4 Bb7c8
22.Ra1e1 h6
23.Re4xe8 Qd6f8
24.Re8xf8 Rd8xf8
25.d6 { resign }
1-0

[Event "Tourn. n8626"]
[Site "www.chess-mail.com"]
[Date "2016.03.05"]
[Round "1"]
[White "Yangqi"]
[Black "Numanoid"]
[WhiteElo "2640"]
[BlackElo "2470"]
[Result "1-0"]
[Round "1"]
1.c4 c5
2.g3 Nb8c6
3.Bf1g2 g6
4.Nb1c3 Bf8g7
5.Ng1f3 d6
6.O-O Qd8d7
7.e3 Bg7xc3
8.bxc3 b6
9.e4 Bc8b7
10.d4 e5
11.Qd1e2 h6
12.d5 Nc6a5
13.Nf3d2 Ng8e7
14.f4 Bb7a6
15.fxe5 dxe5
16.Qe2f2 f5
17.exf5 Na5xc4
18.fxg6 O-O-O
19.Qf2e2 Ne7xd5
20.Nd2xc4 Nd5xc3
21.Nc4xb6 { resign }
1-0

[Event "Tourn. n8663"]
[Site "www.chess-mail.com"]
[Date "2016.03.05"]
[Round "1"]
[White "Malbertan"]
[Black "Bojan"]
[WhiteElo "2040"]
[BlackElo "2050"]
[Result "1-0"]
[Round "1"]
1.e4 Nb8c6
2.d4 e6
3.c3 Bf8e7
4.f4 g6
5.Ng1f3 d6
6.Bf1e2 Ng8f6
7.e5 dxe5
8.fxe5 Nf6d7
9.Bc1h6 Rh8g8
10.Qd1d2 f6
11.exf6 Be7xf6
12.O-O Nc6e7
13.Nf3g5 Bf6xg5
14.Bh6xg5 Nd7b6
15.Qd2f4 Kd7
16.Qf4h4 h5
17.Rf1f7 Nb6d5
18.c4 Qd8e8
19.Rf7h7 Rg8h8
20.Rh7xh8 Qe8xh8
21.cxd5 Ne7xd5
22.Nb1c3 c6
23.Nc3xd5 cxd5
24.Be2d3 Qh8h7
25.g4 Qh7g7
26.Bg5f6 Qg7h6
27.g5 Qh6h7
28.Bd3b5 Kc7
29.Qh4f4 Kb6
30.Qf4d6 Ka5
31.Bf6d8 Kxb5
32.a4 Kc4
33.Qd6c5 Kd3
34.Qc5c3 Ke4
35.Ra1e1 { resign }
1-0

[Event "Match"]
[Site "www.echecsemail.com"]
[Date "2016.03.05"]
[Round "1"]
[White "George1955"]
[Black "Fanny33"]
[WhiteElo "2760"]
[BlackElo "2760"]
[Result "1/2-1/2"]
[Round "1"]
1.d4 f5
2.g3 Ng8f6
3.Bf1g2 g6
4.c4 Bf8g7
5.Nb1c3 O-O
6.Ng1f3 d6
7.O-O Qd8e8
8.b3 c6
9.Qd1c2 Nb8a6
10.Bc1a3 Ra8b8
11.e4 fxe4
12.Nc3xe4 Bc8f5
13.Ne4xf6 Bg7xf6
14.Qc2d2 Qe8d7
15.Rf1e1 Na6c7
16.Ra1c1 Bf5h3
17.Ba3b2 Bh3xg2
18.Kxg2 b5
19.Bb2c3 Rf8f7
20.Re1e2 bxc4
21.bxc4 Rb8f8
22.Nf3g5 Bf6xg5
23.Qd2xg5 d5
24.Qg5e5 Rf7f6
25.cxd5 Qd7g4
26.Kg1 Rf6f5
27.Qe5e4 Rf5f4
{ draw }
1/2-1/2

[Event "Match"]
[Site "www.echecsemail.com"]
[Date "2016.03.05"]
[Round "1"]
[White "Chtoubidou"]
[Black "Coventry"]
[WhiteElo "1950"]
[BlackElo "1790"]
[Result "1-0"]
[Round "1"]
1.e4 e5
2.Bf1c4 Ng8f6
3.d3 c6
4.Nb1c3 d5
5.exd5 cxd5
6.Bc4b3 d4
7.Nc3e4 Nf6xe4
8.dxe4 { resign }
1-0

[Event "Match"]
[Site "www.echecsemail.com"]
[Date "2016.03.05"]
[Round "1"]
[White "Mdesouza"]
[Black "Elogic"]
[WhiteElo "2180"]
[BlackElo "1860"]
[Result "1-0"]
[Round "1"]
1.e4 c5
2.Ng1f3 e6
3.d4 Nb8c6
4.Nb1c3 d5
5.exd5 exd5
6.dxc5 Bf8xc5
7.Qd1xd5 Bc5b4
8.Qd5xd8 Kxd8
9.Bc1g5 f6
10.O-O-O Bc8d7
11.Bg5d2 Ng8e7
12.Nc3e4 Bb4xd2
13.Rd1xd2 h6
14.Bf1c4 Rh8f8
15.Rh1d1 Nc6a5
16.Rd2xd7 { resign }
1-0

[Event "Match"]
[Site "www.echecsemail.com"]
[Date "2016.03.05"]
[Round "1"]
[White "Elogic"]
[Black "Karlgrocer"]
[WhiteElo "1669"]
[BlackElo "2040"]
[Result "0-1"]
[Round "1"]
1.f4 e6
2.Ng1f3 Ng8f6
3.c3 Bf8e7
4.d3 O-O
5.e4 d6
6.Bf1e2 c6
7.Bc1e3 Nb8d7
8.g3 a5
9.a4 b5
10.axb5 cxb5
11.Nf3d4 e5
12.Nd4xb5 Bc8a6
13.Qd1a4 Qd8b8
14.c4 Ba6xb5
15.cxb5 exf4
16.Be3xf4 Nd7c5
17.Qa4c4 Rf8c8
18.Be2f3 Nc5e6
19.Qc4b3 Ne6c5
20.Qb3c4 Ra8a7
21.Qc4d4 Nc5b3
22.Qd4a4 Nb3c5
23.Qa4a3 Qb8xb5
24.Bf3e2 Nc5b3
25.Ra1a2 Nb3d4
26.Bf4xd6 Nd4c2
{ resign }
0-1

[Event "Match"]
[Site "www.echecsemail.com"]
[Date "2016.03.05"]
[Round "1"]
[White "Knoxie"]
[Black "Caspito"]
[WhiteElo "1499"]
[BlackElo "1710"]
[Result "0-1"]
[Round "1"]
1.c4 e5
2.d3 d5
3.cxd5 Qd8xd5
4.Ng1f3 Nb8c6
5.g3 Bf8c5
6.Bf1g2 Bc8g4
7.O-O Ng8f6
8.Nf3g5 Qd5d7
9.Qd1c2 Bc5b6
10.Nb1c3 O-O-O
11.Qc2b3 Rd8f8
12.Bc1e3 h6
13.Ng5e4 Nc6d4
14.Be3xd4 exd4
15.Ne4xf6 gxf6
16.Nc3b5 Bg4xe2
17.Nb5xa7 Kd8
18.Rf1e1 Rf8e8
19.Bg2xb7 Bb6xa7
20.Qb3c4 Re8e6
21.Qc4c2 c5
22.Bb7g2 Rh8e8
23.Bg2h3 Be2xd3
24.Bh3xe6 Bd3xc2
25.Be6xd7 Kxd7
26.Re1c1 d3
27.a3 Re8e2
28.Kf1 c4
29.a4 Re2xf2
 { time }
0-1